| 000 | 00000nam 2200000zi 4500 |
| 001 | 9.945545 |
| 003 | CaOODSP |
| 005 | 20241125155845 |
| 006 | m o d f |
| 007 | cr mn||||||||| |
| 008 | 241125e19950207onc o f000 0 fre d |
| 040 | |aCaOODSP|bfre|erda|cCaOODSP |
| 043 | |an-cn--- |
| 086 | 1 |aE2-148/1995F-PDF |
| 110 | 1 |aCanada. |bMinistère des affaires étrangères et du commerce international, |eauteur.|eorganisme de publication. |
| 245 | 10|aRéponse du gouvernement aux recommandations du Comité parlementaire mixte spécial chargé de l'examen de la politique étrangère du Canada. |
| 264 | 1|aOttawa (Ontario) : |bGouvernement du Canada = Government of Canada, |cle 7 février 1995. |
| 300 | |a1 ressource en ligne (104 pages) |
| 336 | |atexte|btxt|2rdacontent/fre |
| 337 | |ainformatique|bc|2rdamedia/fre |
| 338 | |aressource en ligne|bcr|2rdacarrier/fre |
| 500 | |aÉdition numérisée de l'imprimée [par Direction des publications du gouvernement du Canada]. |
| 500 | |aPublié aussi en anglais sous le titre : Government response to the recommendations of the Special Joint Parliamentary Committee Reviewing Canadian Foreign Policy. |
| 650 | 6|aRelations internationales. |
| 650 | 6|aCoopération internationale. |
| 651 | 6|aCanada|xRelations extérieures. |
| 651 | 6|aCanada|xRelations économiques extérieures. |
| 775 | 08|tGovernment response to the recommendations of the Special Joint Parliamentary Committee Reviewing Canadian Foreign Policy.|w(CaOODSP)9.945541 |
| 776 | 0#|tRéponse du gouvernement aux recommandations du Comité parlementaire mixte spécial chargé de l'examen de la politique étrangère du Canada |w(CaOODSP)9.657414 |
| 856 | 40|qPDF|s5.41 Mo|uhttps://publications.gc.ca/collections/collection_2024/amc-gac/E2-148-1995-fra.pdf |